| 000 | 00797nam a2200265Ia 4500 | ||
|---|---|---|---|
| 005 | 20240209102405.0 | ||
| 008 | 131103s9999 xx 000 0 und d | ||
| 020 |
_aSBN 389000620 _cRs.8 |
||
| 040 | _aLoreto College | ||
| 041 | _aEnglish | ||
| 082 |
_a342.973 _bSAY |
||
| 100 | _aSayre,Wallace | ||
| 245 |
_aAmerican Government _cWallace S.Sayre; with self - scoring examination by Samuel Smith |
||
| 250 | _a15th ed. | ||
| 260 |
_aNew York _bBarnes & Nobbe _c1932 (1970 printing) |
||
| 300 |
_axix,265p. _b illus.,charts,maps |
||
| 440 | _aCollege Outline Series | ||
| 504 | _aInclude index | ||
| 630 | _aUnited Stated - Constitutional Law | ||
| 650 | _aConstitution | ||
| 651 | _aConstitutional and Administrative Law | ||
| 700 | _aSmith,Samuel | ||
| 850 | _aLCLIB | ||
| 942 | _cBK | ||
| 999 |
_c12401 _d62880 |
||